LIBRARY & INFORMATION CENTRE, KCAET, TAVANUR

ONLINE PUBLIC ACCESS CATALOGUE (OPAC)

Nammude bharanaghatana / (Record no. 6587)

MARC details
000 -LEADER
fixed length control field 00431cam a2200181ua 4500
041 ## - LANGUAGE CODE
Language code of text/sound track or separate title mal
082 ## - DEWEY DECIMAL CLASSIFICATION NUMBER
Classification number 342.02
Item number NAR/NA
100 ## - MAIN ENTRY--AUTHOR NAME
Personal name Narendranath, R .
245 ## - TITLE STATEMENT
Title Nammude bharanaghatana /
250 ## - EDITION STATEMENT
Edition statement 1 /
260 ## - PUBLICATION, DISTRIBUTION, ETC. (IMPRINT)
Place of publication Thrissur :
Name of publisher Current Books ,
Year of publication 1964.
300 ## - PHYSICAL DESCRIPTION
Number of Pages 346 ; .
942 ## - ADDED ENTRY ELEMENTS (KOHA)
Koha item type Books
Holdings
Withdrawn status Lost status Damaged status Home library Current library Date acquired Full call number Accession Number Koha item type Public note Cost, normal purchase price
Withdrawn     KAUAET KAUAET 14/11/2023 342.02 NAR/NA 7911 Books   5.00
Withdrawn   Damaged KAUAET Malayalam University 07/04/2012 342.02 8493 Books Transferred to Malayalam University  
free website counter